All Car Brands Pt.1 - Statistics

General Stats
  • This quiz has been taken 17 times
  • The average score is 44 of 500
Answer Stats
Hint Answer % Correct
Honda
77%
Audi
69%
Audi Sport
69%
Hyundai
69%
Alfa Romeo
54%
Bentley
54%
BMW
54%
Ferrari
54%
Ford
54%
Ford Australia
54%
Ford Performance Vehicles
54%
Ford-Vairogs
54%
General Motors Special Vehicles
54%
GM
54%
GM Korea
54%
Abarth
46%
AC
46%
Acura
46%
Aston Martin
46%
BMW M
46%
D Dacia
46%
Dodge
46%
Fiat
46%
Fiat Somaca
46%
Fiat-Tofas
46%
GMC
46%
Hummer
46%
Jaguar
46%
Jeep
46%
Kia
46%
Alpine
38%
Bugatti
38%
Bulgaralpine
38%
C Cadillac
38%
Caterham
38%
Chevrolet
38%
Citroen
38%
Daewoo
38%
Daewoo Bus
38%
Daihatsu
38%
Daimler
38%
Daimler Truck
38%
GM Uzbekistan
38%
Infiniti
38%
Isuzu
38%
Koenigsegg
38%
Austin
31%
Austin-Healey
31%
Autokinitoviomihania Ellados
31%
AutoLatina
31%
Auto-Mixte
31%
Auto Union
31%
B BAC
31%
Buick
31%
Bulgarrenault
31%
BYD
31%
Chrysler
31%
Datsun
31%
DS
31%
Holden
31%
Alpina
23%
Alta
23%
AM General
23%
Ariel
23%
Ascari
23%
Cupra
23%
DeLorean
23%
E Eagle
23%
Geely
23%
Haval
23%
Hennessey
23%
Iveco
23%
JAC Motors
23%
Aiways
15%
Aixam
15%
Alvis
15%
AMC
15%
Apollo
15%
Artega
15%
Auburn
15%
Autobianchi
15%
BAIC
15%
Bitter
15%
Brabham
15%
Canoo
15%
Changan
15%
Chery
15%
Cisitalia
15%
Cizeta
15%
DAF
15%
David Brown Automotive
15%
De Tomaso
15%
DKW
15%
Dongfeng
15%
Donkervoort
15%
Elemental Cars
15%
Elfin Sports Cars
15%
FAW
15%
Fisker
15%
Foton
15%
G GAC Group
15%
GAZ
15%
GAZ Volga
15%
Genesis
15%
Glas
15%
Gumpert
15%
Hindustan
15%
Hino
15%
Hispano-Argentina
15%
Horch
15%
IC Bus
15%
International Harvester
15%
Inter-State
15%
Italdesign
15%
Jawa
15%
AAD
8%
Abadal
8%
Abbott-Detroit
8%
ABT
8%
Adam Motor Company
8%
Adam's Brothers
8%
Adams-Farwell
8%
Adler
8%
All American Racers
8%
Allard
8%
Arash
8%
Arcfox
8%
ARO
8%
Arrinera
8%
Arrival
8%
A A.S.A
8%
ASA Aluminium Body
8%
Askam
8%
Atalanta
8%
Austro-Daimler
8%
Austro-Tatra
8%
Autobacs
8%
Autobacs Seven
8%
Automeccanica
8%
Axon
8%
Bajaj
8%
Baojun
8%
Berliet
8%
Bestune
8%
Bizzarrini
8%
Borgward
8%
Borland Racing Developments
8%
Bowler
8%
Brennabor
8%
Brilliance
8%
Bristol
8%
British Leyland
8%
Bufori
8%
Bussing
8%
canEV
8%
Changhe
8%
Chaparral Cars
8%
CMC
8%
CNHTC
8%
Cole
8%
Continental
8%
Csepel Automobile Factory
8%
Czinger
8%
Dartz
8%
Delage
8%
Delta
8%
DeSoto
8%
Detroit Electric
8%
Diatto
8%
DINA
8%
Egyptian Germany Automotive Company
8%
Ducati
8%
Duesenberg
8%
Edsel
8%
Eicher
8%
Electric Raceabout
8%
El Nasr Automotive Manufacturing Company
8%
Elva
8%
Englon
8%
Exeed
8%
Facel Vega
8%
Fangchengbao
8%
Faraday Future
8%
Force
8%
Freightliner
8%
FSO
8%
GEM
8%
Geo
8%
Ginetta
8%
GMA
8%
Goliath
8%
Great Wall
8%
GreenPower
8%
GreenTech Automotive
8%
Grinnall
8%
GTA Motors
8%
H Hafei
8%
Haima
8%
Hanomag
8%
Hansa
8%
Hawtai
8%
Healey
8%
Higer
8%
Hofstetter
8%
Hommell
8%
Hongqi
8%
Hudson
8%
IKA
8%
IM Motors
8%
Intermeccanica
8%
Irizar
8%
Isdera
8%
Iso
8%
Iso Milano
8%
J J-Bus
8%
Jensen
8%
Kamaz
8%
Karma
8%
Kenworth
8%
King Long
8%
AAV
0%
Acadian
0%
ACE EV Group
0%
Adria Mobil
0%
AEC
0%
Aero
0%
AGA
0%
Agrale
0%
AIL
0%
Aion
0%
Ajanta Group
0%
Alco
0%
Alesbury
0%
Alexander Dennis
0%
Almazora Motors
0%
Amplex
0%
Amur
0%
AMZ
0%
Anasagasti
0%
Ansaldo
0%
Anteros Coachworks
0%
Anziel
0%
Apex Motors
0%
APIS
0%
Apperson
0%
Aptera
0%
Aquila
0%
ArBenz
0%
Arcimoto
0%
Asahi
0%
Ashok Leyland
0%
Asia Motors
0%
Asia MotorWorks
0%
Aspark
0%
Aspid
0%
Astra International
0%
Asüna
0%
A.T.S
0%
Attica
0%
Atul Auto
0%
Aurea
0%
Aurus
0%
Autoar
0%
Autocar
0%
Autocars
0%
Automobili Estrema
0%
Autosan
0%
Autozam
0%
Auverland
0%
AVANI
0%
Avanti Motor Company
0%
Avatr
0%
Avia
0%
Avions Voisin
0%
Avtoframos
0%
AvtoKuban
0%
Avtotor
0%
AWS
0%
AWZ
0%
Azar Motor Industrial Co
0%
AzSamand
0%
Bahman
0%
Baker Electric
0%
Balkania
0%
Bandini
0%
Barkas
0%
Bates
0%
BAW
0%
BCI Bus
0%
Beaumont
0%
BelAZ
0%
BelGee
0%
Belkommunmash
0%
Bertone
0%
BET
0%
Biamax
0%
BIOMAN
0%
Blue Bird
0%
BMC
0%
BMTF
0%
Bohdan
0%
Bollore
0%
Bolwell
0%
Brasinca
0%
Bravia
0%
Bremach
0%
Bricklin
0%
BrightDrop
0%
Brooks
0%
Brush
0%
Buddy
0%
Burton
0%
Busscar
0%
Campagna
0%
Carbuss
0%
Carmor
0%
Cartercar
0%
Carver
0%
Casalini
0%
Ceirano
0%
Chalmers
0%
Chamonix NG Cars
0%
Chandler
0%
Checker
0%
Chenard-Walcker
0%
Chinkara
0%
Chiribiri
0%
Clenet
0%
Columbia
0%
Comil
0%
Conquest
0%
Cord
0%
Covini
0%
Crawford
0%
Crespi
0%
Crosley
0%
Crossle
0%
Csonka
0%
CTS
0%
CT&T United
0%
Custom Bus
0%
Cutting
0%
Dacon
0%
Dadi Auto
0%
Dakar
0%
Daniels
0%
Darracq
0%
Dauer
0%
Davis
0%
Decauville
0%
De Dion-Bouton
0%
DefTech
0%
Delahaye
0%
Delaunay-Belleville
0%
Del Monte Motors
0%
Dennis
0%
Denza
0%
Denzel
0%
Derby
0%
Derways
0%
Devon
0%
Devrim
0%
Dewan Farooque Motors
0%
DFM
0%
Diamond Reo Trucks
0%
Diar
0%
DIM
0%
Doble
0%
DOK-ING
0%
Dome
0%
Donald Healey
0%
Dorris
0%
Dort
0%
Drako Motors
0%
DR Motor
0%
Dupont
0%
Durant
0%
Dymaxion
0%
Dynasty
0%
Edfor
0%
Edison Motors
0%
Edran
0%
Effa
0%
ElDorado
0%
Elgin
0%
ELVO
0%
Emgrand
0%
ENC
0%
Engesa
0%
Eniak
0%
Envoy
0%
Equus
0%
ErAZ
0%
Erkunt
0%
Esemka
0%
Essex
0%
Etalon
0%
Etox
0%
EuAuto
0%
Eunos
0%
Everus
0%
Exagon
0%
Excalibur
0%
Falcon Motorsports
0%
FAP
0%
Farus
0%
FAS
0%
Father Vehicle Industries
0%
FCA
0%
Felber
0%
Felino
0%
Fin Komodo Teknologi
0%
F F.L.A.G
0%
Flint
0%
FN
0%
FNM
0%
FNSS
0%
Fornasari
0%
Foxtron
0%
Frazer
0%
Frontenac
0%
FSC Zuk
0%
FSM
0%
FSR Tarpan
0%
Gardner
0%
Gillet
0%
Gillig
0%
Giocattolo
0%
Girardin Minibus
0%
GKD
0%
GLM
0%
Gonow
0%
Gordon Keeble
0%
Graham-Paige
0%
Gray-Dort
0%
Grumman
0%
Grupo Caoa
0%
Guleryuz
0%
Gurgel
0%
Gwangju Global Motors
0%
Hanteng
0%
Hayes Trucks
0%
Haynes
0%
Heibao
0%
Heinkel
0%
Helicron
0%
Hero Motocop
0%
Hillman
0%
Holland Car
0%
Hotchkiss
0%
Hradyesh
0%
HTT
0%
Humber
0%
Hupmobile
0%
Hupp-Yeats
0%
I IAME
0%
IAVA
0%
ICML
0%
IDA
0%
Ideal Jawa
0%
Ikarbus
0%
Imperia
0%
Imperial
0%
IMT
0%
Indomobil Group
0%
INKAS
0%
Innocenti
0%
Innoson Motors
0%
Inokom
0%
Intrall
0%
Iran Khodro
0%
Isotta Fraschini
0%
Itala
0%
IZh
0%
Jackson
0%
Jaecoo
0%
Jeffery
0%
Jehle
0%
Jelcz
0%
Jiangling
0%
Jinbei
0%
Jonway
0%
Josse Car
0%
Jowett
0%
JPX
0%
Junior
0%
K Kaipan
0%
KAL
0%
Kantanka
0%
Karmann
0%
Karry
0%
Karsan
0%
Keohwa
0%
Keraboss
0%
KG Mobility
0%
Khodro Kaveer
0%
Kinetic Engineering Limited
0%
Kioleides
0%
Korres
0%
KSU Gazal-1
0%
No matching quizzes found
Score Distribution
Percent of People with Each Score
Percentile by Number Answered
Your Score History
You have not taken this quiz